| 000 | 00664mam a22002297a 4500 | ||
|---|---|---|---|
| 001 | 3368107 | ||
| 005 | 20220326193306.0 | ||
| 008 | 020729s2001 cr 000 0 spa | ||
| 010 | _a 2002433335 | ||
| 020 | _a9968834270 | ||
| 035 | _a(OCoLC)ocm50756238 | ||
| 040 |
_aDLC _cDLC |
||
| 082 |
_a861.44 _bT787c |
||
| 100 | 1 |
_aTrejos, Alfredo, _d1977- _91714 |
|
| 245 | 1 | 0 |
_aCarta sin cuerpo / _cAlfredo Trejos. |
| 260 |
_aSan José, Costa Rica : _bEdiciones Perro Azul, _cc2001. |
||
| 300 |
_a52 p. ; _c21 cm. |
||
| 490 | 1 | _aColección de poesía | |
| 700 |
_aTrejos, Alfredo, _91715 |
||
| 830 | 0 |
_aColección de poesía (Ediciones Perro Azul) _9878 |
|
| 999 |
_c361 _d361 |
||